| 000 | 00604nam a2200169 4500 | ||
|---|---|---|---|
| 999 |
_c19222 _d19222 |
||
| 008 | 240220b ||||| |||| 00| 0 eng d | ||
| 020 | _a9781119310969 | ||
| 082 |
_aDC 616.891425 _bW896 2023 |
||
| 100 |
_aWorrell, Michael. _952738 |
||
| 245 |
_aCBT and existential psychology : _bphilosophy, psychology and therapy / _cMichael Worrell. |
||
| 260 |
_aHoboken, NJ : _bWiley Blackwell, _c2023. |
||
| 300 |
_axiv, 332 pages ; _c22 cm. |
||
| 500 | _aIncludes bibliographical references and index. | ||
| 650 |
_aCognitive therapy. _952739 |
||
| 650 |
_aExistential psychology. _952740 |
||
| 942 |
_2ddc _cDC |
||